01692nam a2200421zi 450000100060000000300080000600500170001400600190003100700150005000800410006502000270010602000330013303500220016604000310018805000220021908000080024108200120024924501500026125000180041126400370042930000650046633600310053133700330056233800430059549000320063858800830067059001620075365000280091565500270094370000380097070000320100870000320104070000670107279700180113983000330115785600630119099900170125365442FINmELB20241217142629.0m o d | cr cnu||||||||221026s2012 sp a o 000 0 spa d z9788434221888qimpreso a9788434299313qelectrónico a(OCoLC)1351571243 aFINmELBbspaerdacFINmELB 4aNC750b.P477 2012 a74204a74222300aPerspectiva /cdirección editorial, Ma. Fernanda Canal ; artistas, Miquel Ferrón, Ricardo Bellido, Myriam Ferrón ; textos, Myriam Ferrón. a5a edición. 1aBarcelona :bParramón,c[2012] a1 recurso en línea (32 páginas) :bilustraciones a color atextobtxt2rdacontent/spa acomputadorabc2rdamedia/spa arecurso en líneabcr2rdacarrier/spa1 aEjercicios Parramón ;v19 aDescripción basada en metadatos suministrados por el editor y otras fuentes. aRecurso electrónico. Santa Fe, Arg.: elibro, 2022. Disponible vía World Wide Web. El acceso puede estar limitado para las bibliotecas afiliadas a elibro. 4aPerspectivaxTécnica. 4aLibros electrónicos.1 aCanal, María Fernanda,eeditor.1 aFerrón, Miquel,eartista.1 aBellido, Ricardo,eartista.1 aFerrón, Miriam,eartista,eautorVista completa del registro.2 aelibro, Corp. 0aEjercicios Parramón ;v19.40uhttps://elibro.net/ereader/politecnicointernacional/220177 c65442d65442